Statistics for NBA 2017-18 French Players

Click here to take the quiz!

General Stats

  • This quiz has been taken 28 times
    (23 since last reset)
  • The average score is 5 of 11

Answer Stats

Club Player % Correct
San Antonio SpursTony Parker
95%
Utah JazzRudy Gobert
90%
Charlotte HornetsNicolas Batum
70%
Orlando MagicEvan Fournier
60%
San Antonio SpursJoffrey Lauvergne
45%
New York KnicksFrank Ntilikina
35%
New Orleans PelicansAlexis Ajinça
30%
New York KnicksJoakim Noah
25%
Washington WizardsIan Mahinmi
20%
Boston CelticsGuerschon Yabusele
10%
Philadelphia 76ersTimothé Luwawu-Cabarrot
5%

Score Distribution

Percentile by Number Answered

Percent of People with Each Score

Your Score History

You have not taken this quiz since the last reset